000 00155 a2200073 4500
020 _a0590568930
082 _a0940004867
245 _aThe curse of Camp Cold Lake
999 _c792508
_d792507
942 _w13411
_xBongani Makatu
_y13411
_zBongani Makatu